Top 100 Most Common Words in the Quran - Statistics

General Stats
  • This quiz has been taken 98 times
  • The average score is 36 of 100
Answer Stats
# Word % Correct
2247 a
99%
666 i
88%
370 all
87%
7656 the
84%
2973 allah
81%
2049 he
81%
292 an
75%
624 o
74%
1261 be
72%
4570 you
69%
1860 we
68%
2153 in
65%
3501 is
65%
1924 who
65%
1083 do
62%
426 me
62%
3464 to
61%
403 no
59%
376 on
56%
2976 they
56%
835 when
56%
9240 and
55%
1977 for
51%
766 say
49%
1886 that
49%
1142 him
48%
1748 it
48%
1563 have
47%
1075 what
47%
2191 not
46%
959 so
46%
464 was
44%
915 his
41%
264 muhammad
41%
1097 your
41%
1454 are
40%
583 as
40%
2343 them
40%
495 there
39%
4501 of
38%
1133 their
38%
900 then
38%
2374 will
38%
1443 from
36%
809 if
36%
410 one
36%
394 this
36%
463 us
35%
1102 but
34%
481 my
34%
821 said
34%
801 has
33%
421 had
32%
213 at
31%
568 were
31%
451 our
29%
289 whom
29%
256 believe
28%
518 by
28%
254 did
28%
971 lord
28%
635 or
28%
310 good
27%
201 give
26%
1071 with
26%
497 day
25%
266 know
25%
215 may
25%
1392 those
24%
732 people
22%
216 most
20%
255 should
20%
208 after
19%
254 come
19%
206 down
19%
458 would
19%
218 its
18%
219 than
18%
737 which
18%
311 been
16%
402 earth
16%
327 before
14%
233 only
12%
627 upon
12%
217 any
11%
271 over
11%
293 made
9%
241 messenger
8%
207 about
7%
1498 indeed
7%
281 fear
6%
350 punishment
6%
243 sent
6%
224 truth
6%
264 while
6%
284 whoever
5%
473 among
4%
205 knowing
2%
262 believed
1%
473 except
1%
No matching quizzes found
Score Distribution
Percent of People with Each Score
Percentile by Number Answered
Your Score History
You have not taken this quiz